Loading...

Groundwater assessment: development and management

Bibliographic Details
Main Author: Karanth, K R; Author
Format: Printed Book
Published: New Delhi, Tata McGraw-Hill Education Private Limited 2009
Subjects:
LEADER 007860000a22002410004500
020 |a 978-0-07-451712-3 
082 |a 333.910 415 M7 
100 |a Karanth, K R; Author 
245 |a Groundwater assessment: development and management 
250
260 |a New Delhi, Tata McGraw-Hill Education Private Limited 
260 |c 2009 
460 |a xi, 720p 
465 |a RS0.00 
500 |a Includes bibliographical references and index 
500 |a K R Karanth 
650 |a Groundwater-Management 
650 |a Groundwater-Quality 
650 |a Hydrogeology 
650 |a Water resource management 
942 |c BK 
999 |c 44366  |d 44366 
952 |0 0  |1 0  |4 0  |6 333_910000000000000_415_M7  |7 0  |8 ENG  |9 45046  |a MGUL  |b MGUL  |d 2013-07-16  |e RS0.00  |l 0  |o 333.910 415 M7  |p 42618  |r 2013-07-16  |w 2013-07-16  |y BK